00852nam a22002297a 450000500170000001000130001702000250003003500130005503700160006804000120008408200170009610000280011324501120014126000490025327000550030230000220035765000270037965000250040694200260043199900190045795201460047620170124110210.0 aB-284868 c100.00a978187326026 aB-284868 bCen Lib/Ret aDPLbEN a181.499bKRI aKrishnamurti, J.979026 aYou are the world /cby J KrishnamurtibAuthentic reports of talks and discussions in american universities aChennaibKrishnamurti Foundation Indiac1972 aVasanta Vihar, 124 Greenways RoadbChennaie600028 a163p. c21cm(pbk) aConduct of life912754 aConsciousness938034 2ddccENh181.499mKRI c133471d133471 00104070aLbLd2015-07-27eCen Lib/Ret g100.00l9m4o181.499 KRIpB-284868r2022-06-06 00:00:00s2022-03-30t1v100.00w2015-07-27yEN